Para onde vai o seu dinheiro 16 : (Record no. 1486)

MARC details
000 -LÍDER
Campo Fixo de Controle 00863nam a2200217 a 4500
001 - NÚMERO DE CONTROLE
Campo de Controle 1486
003 - IDENTIFICAÇÃO DO NÚMERO DE CONTROLE
Campo de Controle BR-CuiBMT
005 - DATA E HORA DA ÚLTIMA ATUALIZAÇÃO
Campo de Controle 20231212163227.0
008 - DADOS FIXOS
Dados Fixos 231212s2018 scba 000 0 por d
040 ## - AGÊNCIA CATALOGADORA
Código da Agência Catalogadora BR-CuiBMT
Agência que transcreveu o registro BR-CuiBMT
080 ## - Nº DA CLASSIFICAÇÃO DECIMAL UNIVERSAL
Nº edição CDU 2007
Nº Class. CDU 347.991
Subd. Auxiliar Comum (816.4)
090 ## - NÚMERO DE CHAMADA
Nº classificação 347.991(816.4)
Cutter T822p
110 1# - ENTRADA PRINCIPAL -- ENTIDADE
Nome da entidade ou lugar Tribunal de Contas de Santa Catarina
245 10 - TÍTULO PRINCIPAL
Título principal Para onde vai o seu dinheiro 16 :
Subtítulo versão simplificada do parecer prévio sobre as contas prestadas pelo Governador do Estado ao Tribunal de Contas de Santa Catarina: exercício 2017 /
Indicação de responsabilidade Tribunal de Contas de Santa Catarina.
260 ## - PUBLICAÇÃO, DISTRIBUIÇÃO, ETC.
Local de publicação Florianópolis :
Editora Tribunal de Contas de Santa Catarina,
Data 2018.
300 ## - DESCRIÇÃO FÍSICA
N. páginas ou volumes 110 p. :
Ilustrações il. color. ;
Dimensões 21 cm
504 ## - NOTA DE BIBLIOGRAFIA, ETC.
Nota de bibliografia Inclui bibliografia.
650 ## - ASSUNTO TÓPICO
Cabeçalho tópico ou nome geográfico Administração pública
Subdivisão de forma contas
650 ## - ASSUNTO TÓPICO
Cabeçalho tópico ou nome geográfico Tribunal de contas
Subdivisão de forma parecer
942 ## - ELEMENTOS DE ENTRADA ADICIONAIS (KOHA)
Fonte de classificação ou esquema de arquivamento Classificação Decimal Universal
Tipo de item do Koha Livros
Holdings
Estado: removido Estado: perdido Fonte de classificação ou esquema de arquivamento Estado: danificado Indisponível para empréstimo Localização permanente Localização atual Data de aquisição Total Checkouts Número de Chamada completo Código de barras Date last seen Número do exemplar Preço efetivo a partir de Tipo de item (Koha)
    Classificação Decimal Universal     Biblioteca da Escola Superior de Contas do TCE/MT Biblioteca da Escola Superior de Contas do TCE/MT 12/12/2023   347.991(816.4) T822p BIBTCEMT23120390 12/12/2023 Ex. 1 12/12/2023 Livros

Powered by Koha